Catalog

Record Details

Catalog Search



Available copies

  • 1 of 1 copy available at LARL/NWRL Consortium.

Current holds

0 current holds with 1 total copy.

Show Only Available Copies
Location Call Number / Copy Notes Barcode Shelving Location Status Due Date
Roseau Public Library e ASH (Text) 35500002039350 Main Available -

Record details

  • ISBN: 1564025381 (reinforced trade ed.) :
  • Physical Description: 1 v. (unpaged) : col. ill. ; 26 cm.
  • Publisher: Cambridge, Mass. : Candlewick Press, 1995.

Content descriptions

General Note:
"First published in Great Britain by Walker Books Ltd., London"-T.p. verso.
Summary, etc.:
Horatio the rabbit does a magic trick that makes ... Read More
Subject: Elephants > Juvenile fiction.
Rabbits > Juvenile fiction.
Toys > Juvenile fiction.
Magic tricks > Juvenile fiction.
LDR 01186cam a2200301Ia 4500
00115723
003LARL_NWRL_CONSORTIUM
00520000315145002.0
008940321s1995 maua j 000 1 eng
010 . ‡a94010449
020 . ‡a1564025381 (reinforced trade ed.) : ‡c$15.95 ($17.95 Can.)
035 . ‡a(OCoLC)30158620
040 . ‡aDLC ‡cDLC ‡dLAL
08200. ‡a[E] ‡220
099 . ‡aA
1001 . ‡aAshforth, Camilla. ‡0(LARL_NWRL_CONSORTIUM)106448
24510. ‡aHumphrey Thud / ‡cCamilla Ashforth.
260 . ‡aCambridge, Mass. : ‡bCandlewick Press, ‡c1995.
300 . ‡a1 v. (unpaged) : ‡bcol. ill. ; ‡c26 cm.
500 . ‡a"First published in Great Britain by Walker Books Ltd., London"-T.p. verso.
520 . ‡aHoratio the rabbit does a magic trick that makes him disappear into his sock, but it does not work with his friend Humphrey Thud the elephant.
650 0. ‡aElephants ‡vJuvenile fiction. ‡0(LARL_NWRL_CONSORTIUM)164773
650 0. ‡aRabbits ‡vJuvenile fiction. ‡0(LARL_NWRL_CONSORTIUM)166996
650 0. ‡aToys ‡vJuvenile fiction. ‡0(LARL_NWRL_CONSORTIUM)175438
650 0. ‡aMagic tricks ‡vJuvenile fiction.
901 . ‡a15723 ‡bOCLC ‡c15723 ‡tbiblio

Additional Resources